000 00860nam a2200193Ia 4500
008 151121s9999||||xx |||||||||||||| ||und||
082 _a789/मृदंगा
082 _bHNW-58502
100 _aमृदंगाचार्य भगवानदास
245 _aमृदंग-तबला-प्रभाकर (प्रथम भाग)
260 _b"संगीत कार्यालय, हाथरस,उत्तरप्रदेश।"
260 _c--
300 _a114
600 _aमृदंगाचार्य भगवानदास
630 _aमृदंग-तबला-प्रभाकर (प्रथम भाग)
700 _aमृदंगाचार्य भगवानदास
730 _aमृदंग-तबला-प्रभाकर (प्रथम भाग)
942 _cBOOK
999 _c1240324
_d1240321